<?xml version="1.0" encoding="UTF-8"?>
<collection xmlns="http://www.loc.gov/MARC21/slim">
 <record>
  <leader>00813cam a2200205 7i4500</leader>
  <controlfield tag="001">0000009860</controlfield>
  <controlfield tag="005">20020519090000.0</controlfield>
  <datafield tag="020" ind1="0" ind2="0">
   <subfield code="a">9839592912 </subfield>
  </datafield>
  <datafield tag="035" ind1="0" ind2="0">
   <subfield code="a">0244-22260</subfield>
  </datafield>
  <datafield tag="090" ind1="0" ind2="0">
   <subfield code="a">SD 235 </subfield>
   <subfield code="b">M3 F62 no.121</subfield>
  </datafield>
  <datafield tag="100" ind1="1" ind2="0">
   <subfield code="a">Kiew </subfield>
  </datafield>
  <datafield tag="245" ind1="1" ind2="4">
   <subfield code="a">The seed plant flora of Fraser's Hill, Peninsular Malaysia : </subfield>
   <subfield code="b">with special reference to its conservation status  </subfield>
   <subfield code="c">by Ruth Kiew..</subfield>
  </datafield>
  <datafield tag="260" ind1="0" ind2="0">
   <subfield code="a">Kuala Lumpur: </subfield>
   <subfield code="b">Forest Research Institute of Malaysia, </subfield>
   <subfield code="c">1998..</subfield>
  </datafield>
  <datafield tag="300" ind1="#" ind2="#">
   <subfield code="a">121p.: </subfield>
   <subfield code="b">ill.; </subfield>
   <subfield code="c">22cm..</subfield>
  </datafield>
  <datafield tag="490" ind1="1" ind2="0">
   <subfield code="a">Research pamphlet; </subfield>
   <subfield code="v">no.121.</subfield>
  </datafield>
  <datafield tag="500" ind1="0" ind2="0">
   <subfield code="a">Bibliography : p. 106-107</subfield>
  </datafield>
  <datafield tag="650" ind1="0" ind2="0">
   <subfield code="a">Forests and Forestry -- </subfield>
   <subfield code="z">Pahang -- </subfield>
   <subfield code="z">Bukit Fraser. </subfield>
  </datafield>
  <datafield tag="650" ind1="0" ind2="0">
   <subfield code="a">Plants -- </subfield>
   <subfield code="z">Pahang -- </subfield>
   <subfield code="z">Bukit Frazer. </subfield>
  </datafield>
  <datafield tag="830" ind1="0" ind2="0">
   <subfield code="a">Research pamphlet (Institut Penyelidikan Perhutanan) ; no.121.</subfield>
  </datafield>
  <datafield tag="999" ind1=" " ind2=" ">
   <subfield code="a">1000400959</subfield>
   <subfield code="b">Book</subfield>
   <subfield code="c">Open Shelf</subfield>
   <subfield code="e">KOLEKSI TERBUKA</subfield>
  </datafield>
 </record>
</collection>
